En México, ni autoritarismo ni marginación /
Este discurso fue pronunciado en una convención del Instituto Mexicano de Contadores Públicos. En el contexto del esfuerzo gubernamental para depurar la operación de la Administración Pública Paraestatal y marcarle líneas claras y concretas de acción, el autor se refiere a la contribución del Instit...
Uloženo v:
| Korporativní autor: | |
|---|---|
| Další autoři: | |
| Médium: | Kniha |
| Jazyk: | španělština |
| Vydáno: |
México :
Secretaría de la Contraloría General de la Federación,
1983
|
| Edice: | (Discursos del Secretario. Primera Serie ;
9) |
| Témata: | |
| Tagy: |
Žádné tagy, Buďte první, kdo vytvoří štítek k tomuto záznamu!
|
MARC
| LEADER | 00000nam^a2200000^a^4500 | ||
|---|---|---|---|
| 001 | 000019999 | ||
| 005 | 20250521000000.0 | ||
| 009 | 20260310084318.722 | ||
| 037 | |a Acervo ITESO - Biblioteca | ||
| 041 | |a ESP | ||
| 082 | |a 350. 9720638 |b MEX DIS S. 1 V. 9 | ||
| 110 | |a México. |b Secretario de la Contraloría General de la Federación. 1982-1987 (Rojas Gutiérrez) | ||
| 245 | 1 | 0 | |a En México, ni autoritarismo ni marginación / |c F.J. Rojas Gutiérrez. |
| 264 | 1 | |a México : |b Secretaría de la Contraloría General de la Federación, |c 1983 | |
| 300 | |a 1 folleto (9 p.) | ||
| 336 | |a texto |b txt |2 rdacontenido | ||
| 337 | |a sin mediación |b n |2 rdamedio | ||
| 338 | |a volumen |b nc |2 rdasoporte | ||
| 440 | 1 | |a (Discursos del Secretario. |p Primera Serie ; |v 9) | |
| 520 | |a Este discurso fue pronunciado en una convención del Instituto Mexicano de Contadores Públicos. En el contexto del esfuerzo gubernamental para depurar la operación de la Administración Pública Paraestatal y marcarle líneas claras y concretas de acción, el autor se refiere a la contribución del Instituto a nivel de legislación y prácticas mercantiles, administrativas, corporativas y financieras. | ||
| 649 | |a XX | ||
| 650 | |a Asociaciones Profesionales - |z México | ||
| 650 | |a Reforma Administrativa - |z México | ||
| 650 | |a Transparencia Administrativa - |z México | ||
| 650 | |a Administración Pública - |z México - |x Historia - |y 1982-1988 | ||
| 650 | |a Política - |z México - |x Historia - |y 1982-1988 | ||
| 650 | |a Ciencias Administrativas | ||
| 700 | |a Rojas Gutiérrez, Francisco José |e (autor) | ||
| 910 | |a Fondo General | ||
| 920 | |a Impresos - Libros | ||
| 930 | |a Colección General | ||
| 905 | |a 101 | ||
| 901 | |a 0199990100 |b IT1 |c ACC |i 019999 |u 20250521 | ||
| 902 | |a https://opac.biblio.iteso.mx/vufind/Record/000019999 | ||